01001nam a2200229 a 4500001001000000003000500010005001700015008004100032010001100073011001100084040000900095100003100104245019100135260004100326500006000367502011200427650004100539650004500580650003000625650004600655856007000701000113906CHAP20220329144418.0171005s2017 mx sm |||||||spa d a110367 a111339 cCHAP1 aSaucedo Rueda, Alma Lorena10aIdentificación y manejo químico de Fusarium sp. en crisantemo (Dendranthema x grandiflorum Ramat.) de Villa Guerrero, Estado de Méxicoh[En línea]cpor Alma Lorena Saucedo Rueda. aChapingo, Méx. :bEl autor,c2017. aPara ver el contenido del material haga clic en la liga aTesis (Ing. Agr. Esp. en en Parasitología Agrícola) -- UACH. Departamento de Parasitología Agrícola14aCrisantemoxEnfermedades por hongos.14aCrisantemoxFisiología y morfología.14aFungicidasxAplicación.14aHongos fitopatógenosxIdentificación. aFinding aiduhttp://10.13.5.2/tesis/sist113906.pdfzTeclea aquí